It looks like you're offline.
Open Library logo
additional options menu

MARC record from Internet Archive

LEADER: 02524cam 2200625Mi 4500
001 ocn759168116
003 OCoLC
005 20200820181954.0
008 110623s2011 enk 000 f eng
040 $aAU@$beng$cAU@$dOCLCQ$dOCLCO$dOCLCQ$dUKM$dOCLCQ$dOCLCF$dOCLCO
015 $aGBB060521$2bnb
016 7 $a015550914$2Uk
019 $a615869382$a1099731039
020 $a9780753186770
020 $a0753186772
020 $a9780753186763$q(hbk.)
020 $a0753186764$q(hbk.)
035 $a(OCoLC)759168116$z(OCoLC)615869382$z(OCoLC)1099731039
082 04 $a823.92$222
100 1 $aMilton, Giles.
245 10 $aAccording to Arnold /$cGiles Milton.
250 $aLarge print ed.
260 $aOxford :$bIsis,$c2011.
300 $a344 pages (large print) ;$c24 cm.
336 $atext$btxt$2rdacontent
337 $aunmediated$bn$2rdamedia
338 $avolume$bnc$2rdacarrier
490 0 $aIsis large print
520 $aMeet Arnold Trevellyan - charismatic, exuberant and somewhat strange. His love of mushrooms is matched only by a passion for Flora, his wife of twelve years. One day, while searching for mushrooms, Arnold makes a wondrous discovery that will turn his world upside down. He abandons Flora and heads to the South Pacific where he finds himself marrying the queen of a remote tropical island. But all is not as it seems in Arnold's idyllic realm. In a series of cassettes to his oldest friend, he reveals he is trapped in an international conspiracy in which mushrooms hold the key to life or death.
521 $aAdult.
650 0 $aMycologists$vFiction.
650 0 $aConspiracies$vFiction.
650 0 $aMarried people$vFiction.
650 7 $aConspiracies.$2fast$0(OCoLC)fst00875715
650 7 $aMarried people.$2fast$0(OCoLC)fst01010656
650 7 $aMycologists.$2fast$0(OCoLC)fst01031306
655 0 $aLarge type books.
655 7 $aFiction.$2fast$0(OCoLC)fst01423787
856 4 $uhttp://www.ulverscroft.com/images/thumbs/9780753186770.jpg
029 0 $aAU@$b000047962269
029 1 $aAU@$b000046925142
029 1 $aCBK$b121736431
029 1 $aNOK$b0753186764
029 1 $aNZ1$b13454971
029 1 $aNZ1$b13838467
029 1 $aNZ1$b14529929
029 1 $aUKBNS$b121736431
029 1 $aUKBOR$b121736431
029 1 $aUKDEL$b131464752
029 1 $aUKDOR$b121736431
029 1 $aUKPMH$b0753186764
029 1 $aUNITY$b121736431
029 1 $aUNITY$b131464752
994 $aZ0$bP4A
948 $hNO HOLDINGS IN P4A - 46 OTHER HOLDINGS